000 01331cam a22003494a 4500
001 16100151
003 OSt
005 20231202132359.0
008 100222s2010 nyu 001 0 eng
010 _a 2010005439
020 _a8178243512
020 _a9780231152204 (cloth : alk. paper)
020 _a9780231152211 (pbk. : alk. paper)
020 _a9780231526500 (ebook)
040 _aDLC
_cDLC
_dDLC
050 0 0 _aJC251
_b.C44 2010
082 0 0 _a320.954
_bCHA/E
100 _a Chatterjee, Partha
_d1947-
_92559
245 1 0 _aEmpire and nation :
_bessential writings 1985-2005 /
_cPartha Chatterjee ; with an Introduction by Nivedita Menon.
260 _aNew York :
_bColumbia University Press,
_cc2010.
300 _aviii, 368 p. ;
_c21 cm.
500 _aIncludes bibliographical references and index.
600 1 0 _aChatterjee, Partha,
_d1947-
650 0 _aNationalism.
650 0 _aDemocracy.
650 0 _aNationalism
_zIndia.
651 0 _aIndia
_xPolitics and government.
856 4 2 _3Book review (H-Net)
_uhttp://www.h-net.org/reviews/showrev.php?id=30477
906 _a7
_bcbc
_corignew
_d1
_eecip
_f20
_gy-gencatlg
942 _2ddc
_cBK
_h320.954
_iCHA/E
_k320.954
_mCHA/E
999 _c43889
_d43889